Highest-scoring Finnish NHL Players - Statistics

General Stats
  • This quiz has been taken 738 times
  • The average score is 19 of 50
Answer Stats
Rank Points Teams Answer % Correct
1. 1457 WPG(o), ANA, SJS, COL Teemu Selänne
99%
2. 1398 EDM, LAK, NYR, ANA, COL Jari Kurri
93%
7. 614 MIN Mikko Koivu
88%
3. 832 MTL, ANA Saku Koivu
88%
4. 750 LAK, NYI, FLA, PHX, CGY, NYR, WPG, NSH, TOR, STL Olli Jokinen
70%
9. 546 DAL, TBL, CAR, PIT, FLA Jussi Jokinen
69%
6. 630 EDM, NYR, STL, NJD, VAN, FLA, WSH Esa Tikkanen
65%
10. 514 DAL Jere Lehtinen
63%
30. 171 FLA Aleksander Barkov
61%
8. 571 NSH, PHI, CHI Kimmo Timonen
61%
5. 637 WPG(o), PHX, DAL, BUF Teppo Numminen
60%
28. 201 MIN Mikael Granlund
58%
14. 430 DET, TBL, PHI Valtteri Filppula
51%
35. 142 VAN, PIT, OTT, ANA Jarkko Ruutu
48%
12. 458 HAR, CAR, PHI Sami Kapanen
48%
18. 346 CHI, CAR, NJD Tuomo Ruutu
48%
36. 126 DAL, ATL, PHX Niko Kapanen
47%
50. 86 CHI, CAR Teuvo Teräväinen
45%
19. 344 NYR, EDM, NJD Reijo Ruotsalainen
44%
20. 339 OTT, VAN, TBL Sami Salo
43%
43. 110 BUF Rasmus Ristolainen
38%
11. 468 MTL, VAN, PHX, DAL, TOR Jyrki Lumme
36%
13. 432 BUF, CHI, VAN Christian Ruuttu
35%
33. 148 SJS, NSH, FLA Ville Peltonen
35%
34. 145 BOS, EDM Matti Hagman
34%
22. 301 FLA, DAL, TOR, CGY, ANA Niklas Hagman
34%
45. 103 TOR Leo Komarov
32%
40. 119 DET, PHI, BUF Ville Leino
32%
41. 117 COL, PIT, CHI, CGY, NYR, SJS, STL Ville Nieminen
32%
49. 89 MIN Erik Haula
31%
38. 122 ANA Sami Vatanen
30%
21. 319 PHI, EDM, NYI, DAL, MTL Janne Niinimaa
27%
47. 100 STL Jori Lehterä
25%
23. 282 PHI, EDM, CAR Joni Pitkänen
24%
25. 242 CGY, BUF, ANA Toni Lydman
24%
26. 230 DAL, MIN, WPG Antti Miettinen
23%
29. 180 NYI, TBL, FLA, MIN Sean Bergenheim
23%
27. 201 NYR, PHX, EDM, DAL, CBJ Lauri Korpikoski
21%
16. 405 VAN, BOS, WPG(o), SJS Petri Skriko
20%
15. 426 PHI, MNS, LAK Ilkka Sinisalo
16%
31. 168 BOS, MIN, COL Antti Laaksonen
14%
37. 126 BUF Hannu Virta
14%
17. 355 EDM, HAR, QUE Risto Siltanen
14%
39. 121 QUE, COL, OTT, PIT, TBL Janne Laukkanen
13%
24. 265 NYI, LAK, BUF, BOS Mikko Mäkelä
13%
32. 154 ATLf, CGY Pekka Rautakallio
13%
46. 102 PHX, OTT, TBL Juha Ylönen
12%
42. 116 CGY, STL Kari Eloranta
12%
48. 99 NYR, BOS Pentti Lund
8%
44. 109 NYR, WSH Mikko Leinonen
7%
No matching quizzes found
Score Distribution
Percent of People with Each Score
Percentile by Number Answered
Your Score History
You have not taken this quiz